00897cam a2200181 450000500170000000800410001702000150005805000250007310000290009824502760012725000340040326000650043730000340050250400640053665000590060065000250065970000310068420211005104755.0211005b mx ||||| |||| 00| 0 spa d a950508532X04aK3611.G46 bC45 20011 aChieri, Primarosaeautor10aPrueba del ADN b: identificación de personas. Criminalística y derecho penal, Determinación de la paternidad. Indicios y presunciones, Valor probatorio. Banco de datos genéticos, Jurisprudencia. El proyecto Genoma Humano c/ Primarosa Chieri, Eduardo A. Zannoni. a2a ed. actualizada y ampliada aBuenos Aires : bAstrea de Alfredo y Ricardo Depalma, c2001 axxiv, 264 p. :bil. ;c20 cm. aIncluye apéndice , bibliografía : p. 256-264 y glosario 72lembaDactiloscopia xÁcido desoxiribonucleico (ADN) 4aPrueba de paternidad1 aZannoni, Eduardo A.eautor